LEADER 01224nam a2200241 i 4500 001 000000054019 003 CaOOAMICUS 005 20100910000000.0 008 100910s1950 it u000 u ita u 013 $a25191 040 $aSeMil$bita 100 1 $aBenedetto : da Alatri .$0(OLS)http://semarc/name/26795 245 10$aAspetti giuridici degli Ospedali di Roma secondo le Bolle Pontificie /$cPontificia Universitas Gregoriana ; Auctore P. Benedicto ab Aletrio O. F. M. Cap. 260 $aViterbo :$b[s.n.],$c1950. 300 $a45 p. ;$c25 cm. 500 $aContiene : Bibliografia. - In mezzo al front : Excerpta ex Dissertatione ad Lauream in Facultate Juris Canonici Pontificiae Universitatis Gregorianae. 650 4$aPapato - Storia.$0(OLS)http://semarc/subject/198 650 4$aTesi di laurea.$0(OLS)http://semarc/subject/1690 710 2 $aPontificia Università Gregoriana .$0(OLS)http://semarc/name/5 850 $aSeMil 852 $aSeMil$W1$xVenegono$y1$m2I I 261$j20173$B20173$CSeMilBibl$Z2$F20175 $81 996 $6245$aAspetti giuridici degli Ospedali di Roma secondo le Bolle Pontificie$9(OLS)http://semarc/title/83476 996 $6260$aViterbo :$b[s.n.]$9(OLS)http://semarc/publisher/41681 LEADER 00825nam a2200193 i 4500 001 000000009392 003 CaOOAMICUS 005 20180830125439.0 008 180830s1954 fr u000 u und u 040 $aSeMil$bita 100 1 $aLactantius, Lucius Caecilius Firmianus <240 ca.-320 ca.>.$0(OLS)http://semarc/name/3104 245 10$aDe la mort des persécuteurs /$cLactance. 260 $aParis :$bLes Éditions du Cerf,$c1954. 300 $a2 v. (482 p.) ;$c20 cm. 773 0 $tSources chrétiennes.$dParis : Les Éditions du Cerf, 1941-$kSources chrétiennes$x0750-1978$w()41 774 0 $t1.$kSources chrétiennes$w()78632 774 0 $t2.$kSources chrétiennes$w()78838 996 $6245$aDe la mort des persécuteurs$9(OLS)http://semarc/title/12406 996 $6260$aParis :$bLes Éditions du Cerf$9(OLS)http://semarc/publisher/29611